Odgadnij kraje po fragmentach flag - Statystyki

Ogólne statystyki
  • Ten quiz został rozwiązany 122 razy
  • Średni wynik to 11 z 20
Statystyki odpowiedzi
Obrazkowy Odpowiedź % Poprawnych
Brazylia
99%
Turcja
99%
Francja
79%
Białoruś
77%
Japonia
76%
Wietnam
74%
Bośnia i Hercegowina
72%
Fidżi
65%
Burundi
57%
Liberia
56%
Uzbekistan
52%
Zimbabwe
50%
Komory
38%
Sri Lanka
38%
Gujana
37%
Kiribati
34%
Timor Wschodni
34%
Algieria
28%
Łotwa
28%
Demokratyczna Republika Konga
23%
Nie znaleziono quizów pasujących do podanych kryteriów
Rozkład punktacji
Procent ludzi z każdym wynikiem
Percentyl według liczby udzielonych odpowiedzi
Twoja historia wyników
Nie rozwiązałeś tego quizu